000 00819nam a2200325Ia 4500
008 210210b2007 xxu||||| |||| 00| 0 eng d
020 _a8120331168
041 _aeng
082 _a658.401 POHV
100 _aPOHLMAN (Randolph A)
245 _aValue driven management
_bHow to create and maximize value over time for organizational success
260 _aNew Delhi
_bPrentice-Hall of India Private Limited
_c2007
300 _ax,230
650 _aValue
650 _ato
650 _atime
650 _asuccess
650 _aover
650 _aorganizational
650 _amaximize
650 _amanagement
650 _aHow
650 _afor
650 _adriven
650 _acreate
650 _aand
690 _aExecutive Management
700 _aGARDINER (Gareth S)
906 _a067917
999 _c152330
_d152330